| 000 | 01785nam a2200265Ia 4500 | ||
|---|---|---|---|
| 003 | OSt | ||
| 005 | 20210614173749.0 | ||
| 008 | 210310s2010 sp ad gr 000 0dspa d | ||
| 020 | _a9788432314278 | ||
| 040 |
_aCO-JMCR _cCO-JMCR |
||
| 041 | 0 | _aspa | |
| 082 | 0 | 4 |
_a333.717 / _bN225r _223 |
| 100 | 1 |
_aNaredo, José Manuel, _95041 _eautor |
|
| 245 | 1 | 0 |
_aRaíces económicas del deterioro ecológico y social : _bmás allá de los dogmas / _cJosé Manuel Naredo |
| 250 | _aSegunda edición | ||
| 260 |
_aMadrid : _bSiglo XXI, _c2010 |
||
| 300 |
_axviii, 298 páginas : _bilustraciones y gráficas a blanco y negro ; _c21 cm. |
||
| 500 | _aIncluye datos biográficos del autor. | ||
| 504 | _aBibliografía: páginas 285-298 | ||
| 505 | 0 | _aNaturaleza y tratamiento económico del problema ambiental -- Sobre la persistencia de los dogmas | |
| 520 | 3 | _aEl propósito de este libro de desvelar las irracionalidades propias de la ideología económica dominante que alimentan el deterioro ecológico y social, y de proponer enfoques alternativos, sigue manteniendo una actualidad palpitante. La crisis económica que ha sacudido al mundo en los últimos tiempos ha contribuido más a reforzar que a desactivar esa ideología , pues ha evidenciado algunos de los rasgos más insolidarios e insostenibles del actual sistema socioeconómico y reanimado, en ciertos círculo pensantes, las críticas y la búsqueda de alternativas. Pero también, y sobre todo, los latigazos de la depresión y el paro han inducido a la población a añorar el crecimiento económico y a desear con más fuerza los grilletes del trabajo dependiente, rebajando sus exigencias para someterse al statu quo. | |
| 650 | 1 | 4 |
_aEconomía ambiental _916030 |
| 650 | 2 | 4 |
_aEcología humana _938369 |
| 942 |
_2ddc _cBK |
||
| 999 |
_c7994 _d7994 |
||